Top 25 Colors! - Statistics

General Stats
  • This quiz has been taken 188 times
    144 since last reset
  • The average score is 14 of 25
Answer Stats
Hint Colors % Correct
Y Yellow
99%
B Blue
98%
R Red
98%
B Black
97%
G Green
97%
P Purple
97%
O Orange
95%
W White
92%
P Pink
85%
B Brown
82%
G Gray
53%
G Gold
52%
S Silver
52%
T Teal
40%
T Turquoise
40%
C Cyan
38%
B Beige
36%
LG Lime Green
36%
T Tan
34%
M Magenta
32%
L Lavender
24%
B Bronze
20%
S Scarlet
15%
B Burgundy
13%
H Hazel
7%
No matching quizzes found
Score Distribution
Percent of People with Each Score
Percentile by Number Answered
Your Score History
You have not taken this quiz since the last reset